000 00358nam a2200133Ia 4500
005 20260328104310.0
008 260328s9999||||xx |||||||||||||| ||und||
100 _aEvers, Bernd
245 0 _aTeorĂ­a de la Arquitectura :
_b del Renacimiento a la Actualidad /
_cBernd Evers
260 _bTaschen
300 _a848 p.
650 _aRENACIMIENTO
942 _cBK
999 _c10917
_d10917